|
|
|
|
| LEADER |
00000nam0a2200000 4500 |
| 001 |
296430 |
| 005 |
20231102000914.0 |
| 035 |
|
|
|a (RuTPU)RU\TPU\book\321536
|
| 090 |
|
|
|a 296430
|
| 100 |
|
|
|a 20150530d1984 k y0rusy50 ca
|
| 101 |
0 |
|
|a rus
|
| 102 |
|
|
|a RU
|
| 105 |
|
|
|a a z 001zy
|
| 200 |
1 |
|
|a Гидрогеология карста Альпийской складчатой области юга СССР
|f В. Н. Дублянский, Т. З. Кикнадзе
|g Академия наук СССР (АН СССР) ; Академия наук Грузинской ССР (АН ГрузССР), Институт географии им. Вахушти Багратиони ; Академия наук Украинской ССР (АН УССР) ; отв. ред. А. Л. Цагарели
|
| 210 |
|
|
|a Москва
|c Наука
|d 1984
|
| 215 |
|
|
|a 128 с.
|c ил.
|
| 320 |
|
|
|a Библиогр.: с. 120-125
|
| 606 |
1 |
|
|a Карстовые воды
|2 stltpush
|3 (RuTPU)RU\TPU\subj\39361
|9 59475
|
| 610 |
1 |
|
|a карст
|
| 610 |
1 |
|
|a гидрогеология
|
| 610 |
1 |
|
|a СССР
|
| 610 |
1 |
|
|a Альпийская складчатая область
|
| 610 |
1 |
|
|a закарстованные территории
|
| 610 |
1 |
|
|a гидрогеологическое районирование
|
| 610 |
1 |
|
|a залегание
|
| 610 |
1 |
|
|a движение
|
| 610 |
1 |
|
|a разгрузка
|
| 610 |
1 |
|
|a температура
|
| 610 |
1 |
|
|a химический состав
|
| 675 |
|
|
|a 551.44
|v 4
|
| 700 |
|
1 |
|a Дублянский
|b В. Н.
|g Виктор Николаевич
|
| 701 |
|
1 |
|a Кикнадзе
|b Т. З.
|g Тамаз Захарович
|
| 702 |
|
1 |
|a Цагарели
|b А. Л.
|4 340
|
| 712 |
0 |
2 |
|a Академия наук СССР (АН СССР)
|c (Ленинград/Москва)
|c (1925-1991)
|2 stltpush
|3 (RuTPU)RU\TPU\col\722
|
| 712 |
0 |
2 |
|a Академия наук Грузинской ССР (АН ГрузССР)
|b Институт географии им. Вахушти Багратиони
|2 stltpush
|3 (RuTPU)RU\TPU\col\18094
|
| 712 |
0 |
2 |
|a Академия наук Украинской ССР (АН УССР)
|c (1936-1991)
|2 stltpush
|3 (RuTPU)RU\TPU\col\332
|
| 801 |
|
1 |
|a RU
|b 63413507
|c 20150530
|
| 801 |
|
2 |
|a RU
|b 63413507
|c 20181019
|g RCR
|
| 942 |
|
|
|c BK
|